书目信息 |
| 题名: |
现代实用礼仪写作
|
|
| 作者: | 张会恩 , 陈果安 编著 | |
| 分册: | ||
| 出版信息: | 长沙 中南工业大学出版社 1998.01 |
|
| 页数: | 365页 | |
| 开本: | 32开 | |
| 丛书名: | ||
| 单 册: | ||
| 中图分类: | H152.3 | |
| 科图分类: | ||
| 主题词: | 汉语--写作 , 汉语--修辞 | |
| 电子资源: | ||
| ISBN: | 7-81061-041-4 | |
| 000 | 00640nam0 2200217 45 | |
| 001 | 0007241528 | |
| 005 | 20000724160253.0 | |
| 010 | @a7-81061-041-4@d12.00元 | |
| 100 | @a20000724d1998 km y0chiy0120 ea | |
| 101 | 0 | @achi |
| 105 | @a z 000yy | |
| 200 | 1 | @a现代实用礼仪写作@AXian Dai Shi Yong Li Yi Xie Zuo@f张会恩,陈果安编著@FZhang Hui En,Chen Guo An Bian Zhu |
| 210 | @a长沙@c中南工业大学出版社@d1998.01 | |
| 215 | @a365页@d32开 | |
| 606 | 0 | @a汉语@x写作 |
| 606 | 0 | @a汉语@x修辞 |
| 690 | @aH152.3@v3 | |
| 701 | 0 | @a张会恩@4编著 |
| 701 | 0 | @a陈果安@4编著 |
| 801 | @aCN@bPftUser@c20000724 | |
| 905 | @b76435-439@dH152.3@eZH216@f5 | |
| 现代实用礼仪写作/张会恩,陈果安编著.-长沙:中南工业大学出版社,1998.01 |
| 365页;32开 |
| ISBN 7-81061-041-4:12.00元 |
| ● |
| 相关链接 |
|
|
|
正题名:现代实用礼仪写作
索取号:H152.3/ZH216
 
预约/预借
| 序号 | 登录号 | 条形码 | 馆藏地/架位号 | 状态 | 备注 |
| 1 | 76435 | 200764351 | 语言库209/400B社科库 6排1列5层/ [索取号:H152.3/ZH216] | 在馆 | |
| 2 | 76436 | 200764360 | 社科二线400B/400B社科库 6排2列2层/ [索取号:H152.3/ZH216] | 在馆 | |
| 3 | 76437 | 200764379 | 社科二线400B/400B社科库 6排2列2层/ [索取号:H152.3/ZH216] | 在馆 | |
| 4 | 76438 | 200764388 | 语言库209/400B社科库 7排4列3层/ [索取号:H152.3/ZH216] | 在馆 | |
| 5 | 76439 | 200764397 | 语言库209/400B社科库 7排4列3层/ [索取号:H152.3/ZH216] | 在馆 |